000 02984cam a22005774i 4500
003 PE-LiUPU
005 20250731165531.0
008 150623s1981 sp a r 000 0 spa d
020 _a8427108729
020 _a9788427108721
035 _a(Sirsi) i9788427108721
040 _aPE-LiUPU
_bspa
_cPE-LiUPU
_dPE-LiUPU
_erda
049 _aPRUA
082 0 4 _a301
_bC35
_221
100 1 _aCazeneuve, Jean,
_eautor.
245 1 3 _aLa sociología /
_cJean Cazeneuve y David Victoroff.
264 1 _aBilbao, España :
_bAsuri de Ediciones,
_c1981.
300 _a618 páginas :
_bilustraciones, gráficos ;
_c23 centímetros
336 _atext
_2rdacontent
337 _aunmediated
_2rdamedia
338 _avolume
_2rdacarrier
505 0 _aHistoria -- Las sociedades globales -- Sociología política -- Sociología económica -- Sociología del derecho -- La psicología social -- Las estratificaciones sociales -- Sociología de la familia -- Sociología del trabajo -- Sociología del ocio.
526 _aSEG44
526 _aSEG26
526 _aP151
526 _aP150
526 _aP149
526 _aP146
526 _aP145
526 _aP126
526 _aP125
526 _aP92
526 _aP75
526 _aP74
526 _aP27
526 _aP15
650 0 4 _aSociología.
700 1 _aVictoroff, David,
_eautor.
942 _2ddc
_cBOOK
949 _aRC 301 C35
_wDEWEY
_c1
_i54509
_lCCODEBUL1
_mBUL
_r0
_sY
_tBOOK
_u2015-6-24
_xTEOLOGIA
_PP35
_0COMPRA
_o.CIRCNOTE. No olvidar cambiar la fecha de devolución!!!!!!!
_o.STAFF. Colección Ciencias Humanas y Educación
949 _aRC 301 C35
_wDEWEY
_c2
_i24698
_lCCODEBUL1
_mBUL
_r0
_sY
_tBOOK
_u2015-6-24
_xEDUCACION
_zUNKNOWN
_0COMPRA
_o.CIRCNOTE. No olvidar cambiar la fecha de devolución!!!!!!!
_o.STAFF. Colección Ciencias Humanas y Educación
949 _aRC 301 C35
_wDEWEY
_c3
_i29435
_d2016-8-14
_e2016-8-14
_lCCODEBUL1
_mBUL
_n1
_r0
_sY
_tBOOK
_u2015-6-24
_xEDUCACION
_zUNKNOWN
_0COMPRA
_o.CIRCNOTE. No olvidar cambiar la fecha de devolución!!!!!!!
_o.STAFF. Colección Ciencias Humanas y Educación
994 _aC0
_bPEPRU
596 _a1
999 _aRC 301 C35
_wDEWEY
_c37113
_i54509
_f2019-12-11
_g4
_lCCODEBUL1
_mBUL
_r1
_sY
_tBOOK
_u2015-6-24
_xTEOLOGIA
_PP35
_0COMPRA
_o.CIRCNOTE. No olvidar cambiar la fecha de devolución!!!!!!!
_o.STAFF. Colección General
_d37113
999 _aRC 301 C35
_wDEWEY
_c2
_i24698
_d2018-9-7
_f2019-12-11
_g4
_lDISCARD
_mBUL
_p16.00
_q1
_r0
_sY
_tBOOK
_u2015-6-24
_xEDUCACION
_zUNKNOWN
_0COMPRA
_o.CIRCNOTE. No olvidar cambiar la fecha de devolución!!!!!!!
_o.STAFF. Colección Ciencias Humanas y Educación
999 _aRC 301 C35
_wDEWEY
_c3
_i29435
_d2016-8-14
_e2016-8-14
_f2021-11-8
_g4
_lRCG
_mBUL
_n1
_r1
_sY
_tBOOK
_u2015-6-24
_xBIBLIOTECA
_zUNKNOWN
_0COMPRA
_o.CIRCNOTE. No olvidar cambiar la fecha de devolución!!!!!!!
_o.STAFF. Colección General
980 _81
_gALBERTO SANCHEZ Responsable de Automatización